| 000 | 00976nam a2200265 i 4500 | ||
|---|---|---|---|
| 003 | DO-SdBNP | ||
| 005 | 20250607073644.0 | ||
| 006 | a||||fr|||| 00| 0 | ||
| 007 | ta | ||
| 008 | 230831e1993 dr ad||| |||| 00| 0 spa d | ||
| 040 |
_aDO-SdBNP _bspa _cBNPHU _erda |
||
| 082 | 4 |
_222 _bR426c |
|
| 110 | 1 |
_aRepública Dominicana. _b Secretaria de Estado de Salud Pública y Asistencia Social (2001) _956549 |
|
| 245 | 1 | 0 |
_aCuadro básico de medicamentos esenciales de la República Dominicana./ _cPresentación, Miguel Ángel L. Estepan |
| 250 | _aPrimera revisión | ||
| 264 |
_aSanto Domingo : _bOPS/OMS, _c1993 |
||
| 300 |
_a56 páginas : _bIlustraciones, gráficas ; _c21 cm. |
||
| 336 |
_2rdacontent _atexto _btxt |
||
| 337 |
_2rdamedia _asin mediación _bn |
||
| 338 |
_2rdacarrier _avolumen _bnc |
||
| 590 | _aInventariado 2023 / MF | ||
| 700 | 1 |
_aEstepan, Miguel Ángel, _epresentación _984040 |
|
| 710 | 2 |
_aOrganización Panamericana de la Salud _91055 |
|
| 942 |
_2ddc _cLBS1 |
||
| 999 |
_c54592 _d54592 |
||